The 1975 - Is There Somebody Who Can Watch You Lyrics - Statistics

General Stats
  • This quiz has been taken 10 times
  • The average score is 70 of 90
Answer Stats
Answer % Correct
can
100%
can
100%
can
100%
can
100%
I
100%
I
100%
I
100%
I
100%
I
100%
I
100%
Is
100%
Is
100%
Is
100%
Is
100%
somebody
100%
somebody
100%
somebody
100%
somebody
100%
there
100%
there
100%
there
100%
there
100%
watch
100%
watch
100%
watch
100%
who
100%
who
100%
who
100%
who
100%
you
100%
you
100%
you
100%
you?
100%
you
100%
you
100%
you
100%
you?
100%
you
100%
you?
100%
you?
100%
got
80%
got
80%
I'm
80%
I'm
80%
just
80%
know
80%
know
80%
know
80%
know
80%
love
80%
love
80%
love
80%
Love
80%
me
80%
me
80%
me
80%
should
80%
to
80%
to
80%
to
80%
We
80%
when
80%
when
80%
And
60%
And
60%
by
60%
dad
60%
home
60%
home
60%
it
60%
it's
60%
it's
60%
more
60%
my
60%
before
40%
clothes
40%
house
40%
our
40%
preferred
40%
ring
40%
supposed
40%
supposed
40%
that's
40%
that's
40%
wash
40%
close
20%
Hold
20%
Lost
20%
Oh
20%
stopped
20%
No matching quizzes found
Score Distribution
Percent of People with Each Score
Percentile by Number Answered
Your Score History
You have not taken this quiz